Entry Término temático
001 - NÚMERO DE CONTROL
- campo de control: 16639
003 - IDENTIFICADOR DE NÚMERO DE CONTROL
- campo de control: SpMaBN
005 - FECHA Y HORA DE LA ÚLTIMA TRANSACCIÓN
- campo de control: 20250815113134.0
008 - ELEMENTOS DE DATO DE LONGITUD-FIJA
- campo de control de longitud fija: 901201 n anznnbabn a ana
016 ## - NÚMERO DE CONTROL DE UNA AGENCIA BIBLIOGRÁFICA NACIONAL
- Número de control del registro: BNE19900978947
040 ## - FUENTE DE CATALOGACIÓN
- Centro catalogador/agencia de origen: SpMaBN
- Lengua de catalogación: spa
- Centro/agencia transcriptor: SpMaBN
- Normas de descripción: rdc
- Convención/Normas de encabezamiento de materia/tesauro: embne
042 ## - CÓDIGO DE AUTENTICACIÓN
- Código de autenticación: 199607181232PCMPBC BNEP300
080 ## - NÚMERO DE LA CLASIFICACIÓN DECIMAL UNIVERSAL
- Número de la Clasificación Decimal Universal: 793.8:54
- Identificador de la edición: mrf12
150 ## - ENCABEZAMIENTO--TÉRMINO DE MATERIA
- Término de materia o nombre geográfico como elemento de entrada: Química recreativa
550 ## - TRAZADO VÉASE ADEMÁS--TÉRMINO DE MATERIA
- Subcampo de control: g
- Término de materia o nombre geográfico como elemento de entrada: Juegos científicos
550 ## - TRAZADO VÉASE ADEMÁS--TÉRMINO DE MATERIA
- Subcampo de control: g
- Término de materia o nombre geográfico como elemento de entrada: Química
670 ## - FUENTE DE DATOS ENCONTRADOS
- Cita de la fuente: LEM
- Información encontrada: (Química recreativa)
